000 00731nam a22002057a 4500
999 _c19012
_d19012
003 AR-CdUCM
008 190516b ||||| |||| 00| 0 spa d
040 _aMUNICIPALIDAD PROVINCIAL DEL CUSCO
_cBIBLIOTECA MUNICIPAL DEL CUSCO
082 _a781.918 /
_bJ54
100 _aJimenez Borja, Arturo
_92499
245 _aInstrumentos musicales del Perú /
260 _aLima :
_bMuseo de la cultura,
_c1951.
300 _a154 páginas ;
_bIlustraciones,
_c26 cm.
505 _aContenido: Instrumentos musicales peruanos -- El espíritu -- La materia -- Los instrumentos...
650 _aInstrumentos musicales
_95853
650 _aPerú
_935
710 _aMuseo de la cultura
_940048
942 _2ddc
_cLIBROS
945 _aacv
_d2019-05-16